Build Your Career in Insurance Industry/ (Record no. 212409)

MARC details
000 -LEADER
fixed length control field 00574nam a22001937a 4500
005 - DATE AND TIME OF LATEST TRANSACTION
control field 20250717141144.0
010 ## - LCCN (DPL NO)
LC control number ENG-146030
020 ## - INTERNATIONAL STANDARD BOOK NUMBER
International Standard Book Number 9788190317881
Terms of availability 495.00
035 ## - SYSTEM CONTROL NUMBER
System control number EN-129562
037 ## - SOURCE OF ACQUISITION
Source of stock number/acquisition DBAD
082 ## - DEWEY DECIMAL CLASSIFICATION NUMBER
Classification number 368.3200681
100 ## - MAIN ENTRY--PERSONAL NAME
Personal name Choudhary, J. K.
245 ## - TITLE STATEMENT
Title Build Your Career in Insurance Industry/
Statement of responsibility, etc J. K. Choudhary
250 ## - EDITION STATEMENT
Edition statement 1
260 ## - PUBLICATION, DISTRIBUTION, ETC. (IMPRINT)
Place of publication, distribution, etc Panchkula
Name of publisher, distributor, etc Holiday Book Store
Date of publication, distribution, etc 2012
270 ## - ADDRESS
Address S.C.O. 43, First Floor, Swastik Vihar MDC
City Panchkula
300 ## - PHYSICAL DESCRIPTION
Extent 220p.
Dimensions 22cm(Hb)
942 ## - ADDED ENTRY ELEMENTS (KOHA)
Source of classification or shelving scheme Dewey Decimal Classification
Item type English Books
Classification part 368.3200681
Call number suffix CHO
Holdings
Withdrawn status Lost status Not for loan Collection code Home library Current library Date acquired Source of acquisition Cost, normal purchase price Full call number Barcode Copy number Cost, replacement price Koha item type
      Non-fiction Kasturba Gandhi Marg Kasturba Gandhi Marg 17/07/2025 Delivery of Books Act Division 495.00 368.3200681 CHO EN-129562 1 495.00 English Books

© Delhi Public Library
Hit Counter
free hit counter